Movies Quiz

Random Movies or Comic Books Quiz
Score 0/8 Timer 01:00
5 Plays Today
% Correct
Ra's al Ghul & Scarecrow
73.6%
Bane, Catwoman, Scarecrow & Talia al Ghul
73.5%
Mr. Freeze, Poison Ivy & Bane
71.7%
The Joker
70.2%
The Joker, Two-Face & Scarecrow
65.4%
The Joker, The Riddler, Catwoman & Penguin
63%
Catwoman & Penguin
60.8%
The Riddler & Two-Face
56.7%
Remove Ads.
Support Sporcle.
Get the best of Sporcle when you Go Orange. This ad-free experience offers more features, more stats, and more fun while also helping to support Sporcle. Thank you for becoming a member.

You're not logged in!

Compare scores with friends on all Sporcle quizzes.
OR
Log In

Show Comments

Extras

Top Quizzes Today


Score Distribution

Your Account Isn't Verified!

In order to create a playlist on Sporcle, you need to verify the email address you used during registration. Go to your Sporcle Settings to finish the process.

Report this User

Report this user for behavior that violates our Community Guidelines.

Details: